| 000 | 00624nam a22001937a 4500 | ||
|---|---|---|---|
| 999 |
_c164550 _d164550 |
||
| 005 | 20190522161938.0 | ||
| 010 | _aENG-125266 | ||
| 020 |
_a9788182204829 _c900.00 |
||
| 035 | _aEN-108799 | ||
| 037 | _bDBAD/PUB | ||
| 082 | _a613.704 | ||
| 100 | _aSingh, N.K. | ||
| 245 |
_aYoga and meditational psychotherapy / _cby N.K.Singh |
||
| 260 |
_aNew Delhi _bGlobal Vision Publishers _c2013 |
||
| 270 |
_aF-4, 1st Floor, Hari Sadan , 20 Ansari Road, Daryaganj _bNew Delhi _e110002 |
||
| 300 |
_a267p. _c22cm(Hb) |
||
| 500 | _aIncludes bibliographical references and index | ||
| 942 |
_2ddc _cEN _h613.704 _mSIN |
||